000 00567nam a2200193 i 4500
001 79666
003 ES-MaACL
005 20250729062623.0
007 t|
008 041022s1952 sp ||||1| spa d
100 1 _aHernando de Larramendi, Luis.
_963103
245 1 0 _aCristiandad, tradición, realeza /
_cLuis Hernando de Larramendi.
260 _aMadrid :
_bCálamo,
_c1952 (
_fEscelicer)
300 _a227 p. ;
_c20 cm.
650 7 _aPolítica
_2embne
_9140345
650 4 _aMonarquía.
_915143
852 _aES-MaACL
_jD-8111
_bR.32804
999 _c79666
_d79666